000 00720nam a2200229Ia 4500
003 OSt
005 20250130140638.0
008 210716s2012 xx 000 0 und d
020 _a9789350043264
040 _cAIMIT LIBRARY
041 _aeng
082 _a006.671
_21
_bALVA
100 _aAlves, Alexandre De Castro.
_9196305
245 _aOSGi in depth /
_cBy Alexandre De Castro Alves.
250 _a1st ed.
260 _aNew Delhi :
_bDreamtech Press ,
_c2012.
300 _axxii,370p. ;
_bPB
_c24.4 cm
650 _aThe auction application : an OSGi case study
_9196306
650 _aThe persistence bundle
_9196307
650 _aLanguage OSGi using start levels
_9196308
942 _2ddc
_cBK
_e1st
_k006.671 ALVA
999 _c192430
_d192430